000 02653njm0a2200469 4500
001 RU\NLR\ONIZ\225003
005 20250708192931.0
035 _a(NLR Aleph) 011945279
035 _aRU\NLR\ONIZ\GALA\5000034172\20190211140031
071 0 0 _aG.C.-2-23705-06
090 _a13283817
_c13283817
100 _a20190211f19001999|||y0rusy50 ca
102 _aRU
126 _aaduxdxu ux
_bxxx
127 _a000010
135 _ahonoannnanndn
200 1 _aЕва
_bЗвукозапись
_eвальс [из оп-ты]
_fФ. Легар
_gисполн.: В. В. Кавецкая, арт. русск. оперетты
210 _aRiga
_cConcert record "Gramophone"
_d[19--]
215 _a1 грп. (10 мин): 78 об/мин, моно; 25 см. в конв.
325 _aКопия доступна в электронной библиотеке РНБ
423 0 _12001#$aКупленная жена [Ярмарка невест]$e(Ах, как стала жизнь мне улыбаться)$f[В.] Якоби$gисполн.: В. В. Кавецкая, арт. оп-ты
_1686##$aЩ943.1-073(4Вн)$vLBC/SL$2rubbk
_1700#1$9z01790$aЯкоби$bВ.$gВиктор$cвенгерский композитор$f1883 - 1921$4230$7ca
_1702#1$aКавецкая$bВ. В.$gВиктория Викторовна$f1875-1929$4590$7ca
_1790#1$9z01700$aJacobi$bV.$gVictor$f1883 - 1921$4230
_tКупленная жена [Ярмарка невест]
_aЯкоби, Виктор (венгерский композитор ; 1883 - 1921)
606 1 _aАртисты оперетты начала 20-го века
_xЗвукозапись
_yРоссия
_z20 в.
_2nlr_sh
686 _aЩ943.1-073(4Вн)
_vLBC/SL
_2rubbk
700 1 _9z03790
_aЛегар
_bФ.
_f1870-1948
_gФранц
_4230
_7ca
702 1 _9z02790
_aКавецкая
_bВ. В.
_f1875-1929
_gВиктория Викторовна
_4590
_7ca
790 1 _9z02702
_aKaveckaja
_bV.
_f1875-1929
_gViktorija
_4590
_7ba
790 1 _9z03700
_aLehár
_bF.
_f1870-1948
_gFranz
_4230
_7ba
801 0 _aRU
_bNLR
_c20190211
_gPSBO
801 1 _aRU
_bNLR
_c20190211
_2rusmarc
801 2 _aRU
_bNLR
_c20190211
852 _aNLR
_bМг
_j2к/1934
_p7248
_t1
856 0 _uhttps://vivaldi.nlr.ru/mk000000610/view
856 1 _uhttps://vivaldi.nlr.ru/mk000000610/cover
856 2 _uhttps://vivaldi.nlr.ru/mk000000610/text
942 _cREC
980 _aNB
980 _aONIZ
981 2 4 _a(24) Нотные издания и аудиозаписи
_b(24) Грампластинки